000 00628nam a22002177a 4500
003 KOHA_MİRAKIL
005 20260511121505.0
008 260507b tu ||||| |||| 00| 0 tur d
020 _a9786055749095
040 _aTR-AnABB
_btur
_cTR-AnABB
041 _atur
082 _a811.42
_bCEN 2009
100 1 _aCengizhan, Ali
245 1 0 _aKırmızı gün beyaz gece /
_cAli Cengizhan
260 _aİstanbul :
_bKırmızı yayınları,
_c2009
300 _a589 sayfa ;
_c20 cm
500 _aToplu şiirler 1977-2009
650 0 4 _aTürk edebiyatı, şiir
900 _bCan ÇELIK
942 _2ddc
_cBK
999 _c10376
_d10376